Wikipedia City Collages: Germany Quiz Stats

 Plays Quiz not verified by Sporcle

Challenge
Share
Tweet
Score 0/12 Timer 06:00
0 Plays Today
% Correct
Munich
96.8%
Hamburg
96.8%
Berlin
95.5%
Cologne
92.9%
Frankfurt
89.6%
Dortmund
83.1%
Dresden
81.8%
Bremen
77.9%
Düsseldorf
77.3%
Stuttgart
65.6%
Leipzig
62.3%
Bonn
56.5%

You're not logged in!

Compare scores with friends on all Sporcle quizzes.
OR
Log In

You Might Also Like...

Show Comments

Extras

Top Quizzes Today


Score Distribution

Your Account Isn't Verified!

In order to create a playlist on Sporcle, you need to verify the email address you used during registration. Go to your Sporcle Settings to finish the process.

Report this User

Report this user for behavior that violates our Community Guidelines.

Details: